مكتبة جامعة عجلون الوطنية

فهرس بحث المكتبة

Normal view MARC view
  • الشعر العربي - ترجمة - وليم بليك

Entry Topical Term

Number of records used in: 1

001 - CONTROL NUMBER

  • control field: 10973

003 - CONTROL NUMBER IDENTIFIER

  • control field: JO-AjAnu

005 - DATE AND TIME OF LATEST TRANSACTION

  • control field: 20230606072048.0

008 - FIXED-LENGTH DATA ELEMENTS

  • fixed length control field: 230606|| aca||aabn | a|a d

040 ## - CATALOGING SOURCE

  • Original cataloging agency: JO-AjAnu
  • Transcribing agency: JO-AjAnu

150 ## - HEADING--TOPICAL TERM

  • Topical term or geographic name entry element: الشعر العربي - ترجمة - وليم بليك

670 ## - SOURCE DATA FOUND

  • Source citation: Work cat.: (JO-AjAnu)5651: العظمة،نذير, author 10972, الماسة وإزميل الترجمة: ترجمة شعرية عربية كاملة لأغاني البراءة والتجربة لوليم بليك ، تجربة إبداعية في فضاء الترجمة